[Event "25th Zadar Open 2018"]
[Site "Zadar"]
[Date "2018.12.16"]
[Round "3.22"]
[White "Volotovsky, Kirill"]
[Black "Muha, Miljenko"]
[Result "1-0"]
[WhiteElo "2179"]
[BlackElo "2334"]
[Annotator "NA"]
[PlyCount "127"]
[EventDate "2018.12.15"]
[EventType "swiss"]
[EventCountry "CRO"]
[SourceTitle "playchess.com"]
[Source "ChessBase"]
[SourceQuality "1"]
[TimeControl "40/5400+30:1800+30"]

1. Nf3 {[%emt 0:02:30]} d5 {[%emt 0:00:30]} 2. c4 {[%emt 0:00:30]} c6 {[%emt 0:02:30]} 3. g3 {[%emt 0:00:30]} Nf6 {[%emt 0:01:30]} 4. Bg2 {[%emt 0:00:30]} Bg4 {[%emt 0:00:30]} 5. Ne5 {[%emt 0:00:30]} Be6 {[%emt 0:08:30]} 6. cxd5 {[%emt 0:00:00]} Bxd5 {[%emt 0:01:30]} 7. Nf3 {[%emt 0:00:00]} c5 {[%emt 0:02:30]} 8. Nc3 {[%emt 0:00:30]} Bc6 {[%emt 0:00:30]} 9. d3 {[%emt 0:02:30]} e6 {[%emt 0:00:30]} 10. O-O {[%emt 0:00:30]} Be7 {[%emt 0:00:30]} 11. e4 {[%emt 0:00:30]} O-O {[%emt 0:03:30]} 12. Qe2 {[%emt 0:01:30]} Be8 {[%emt 0:13:30]} 13. Rd1 {[%emt 0:13:30]} Nc6 {[%emt 0:01:30]} 14. Bf4 {[%emt 0:07:30]} Nd4 {[%emt 0:04:30]} 15. Qd2 {[%emt 0:03:30]} Bc6 {[%emt 0:08:30]} 16. Rac1 {[%emt 0:03:30]} Nd7 {[%emt 0:04:30]} 17. Be3 {[%emt 0:03:30]} e5 {[%emt 0:03:30]} 18. Ne2 {[%emt 0:11:30]} a5 {[%emt 0:03:30]} 19. Ne1 {[%emt 0:01:30]} Kh8 {[%emt 0:09:30]} 20. f4 {[%emt 0:01:30]} f5 {[%emt 0:05:30]} 21. fxe5 {[%emt 0:10:30]} Nxe5 {[%emt 0:01:30]} 22. Nxd4 {[%emt 0:01:30]} cxd4 {[%emt 0:00:30]} 23. Bf4 {[%emt 0:00:30]} Ng4 {[%emt 0:02:30]} 24. exf5 {[%emt 0:02:30]} Ne3 {[%emt 0:01:21]} 25. Bxe3 {[%emt 0:03:30]} dxe3 {[%emt 0:00:04]} 26. Qe2 {[%emt 0:03:30]} Rxf5 {[%emt 0:00:20]} 27. Bxc6 {[%emt 0:09:09]} bxc6 {[%emt 0:00:15]} 28. Ng2 {[%emt 0:01:52]} Bg5 {[%emt 0:01:50]} 29. Qg4 {[%emt 0:08:06]} Qd5 {[%emt 0:04:45]} 30. Rc2 {[%emt 0:00:52]} Raf8 {[%emt 0:02:13]} 31. h4 {[%emt 0:02:14]} Rf2 {[%emt 0:01:32]} 32. Rxf2 {[%emt 0:00:29]} exf2+ {[%emt 0:00:41]} 33. Kf1 {[%emt 0:01:13]} Bh6 {[%emt 0:00:27]} 34. b3 {[%emt 0:01:38]} Qe5 {[%emt 0:01:51]} 35. d4 {[%emt 0:01:14]} Qd6 {[%emt 0:00:09]} 36. Rd3 {[%emt 0:01:15]} Qd5 {[%emt 0:01:24]} 37. Qe2 {[%emt 0:01:47]} Kg8 {[%emt 0:04:46]} 38. Rd1 {[%emt 0:00:31]} Qd6 {[%emt 0:00:48]} 39. Qe5 {[%emt 0:00:28]} Qd7 {[%emt 0:00:36]} 40. d5 {[%emt 0:00:00]} Re8 {[%emt 0:00:00]} 41. Qd4 {[%emt 0:08:42]} Qh3 {[%emt 0:04:58]} 42. dxc6 {[%emt 0:06:16]} Rf8 {[%emt 0:15:58]} 43. Qd5+ {[%emt 0:01:49]} Kh8 {[%emt 0:00:03]} 44. Ke2 {[%emt 0:00:21]} Qxg3 {[%emt 0:04:10]} 45. Qe4 {[%emt 0:03:06]} Qb8 {[%emt 0:05:25]} 46. Kf1 {[%emt 0:01:46]} Qb5+ {[%emt 0:01:05]} 47. Rd3 {[%emt 0:05:23]} Qc5 {[%emt 0:05:04]} 48. Rf3 {[%emt 0:03:03]} Qc1+ {[%emt 0:00:29]} 49. Kxf2 {[%emt 0:00:18]} Qc5+ {[%emt 0:00:10]} 50. Kg3 {[%emt 0:01:57]} Qd6+ {[%emt 0:00:01]} 51. Kh3 {[%emt 0:01:24]} Rxf3+ {[%emt 0:01:10]} 52. Qxf3 {[%emt 0:00:01]} Kg8 {[%emt 0:00:18]} 53. Qe4 {[%emt 0:01:04]} Kf8 {[%emt 0:00:32]} 54. Qc4 {[%emt 0:00:40]} Qc7 {[%emt 0:00:44]} 55. Qe6 {[%emt 0:00:21]} Bd2 {[%emt 0:01:11]} 56. Qf5+ {[%emt 0:01:01]} Ke8 {[%emt 0:00:20]} 57. Qh5+ {[%emt 0:00:11]} Kf8 {[%emt 0:01:08]} 58. Qf3+ {[%emt 0:00:06]} Ke8 {[%emt 0:00:47]} 59. Qe2+ {[%emt 0:00:07]} Kf7 {[%emt 0:00:17]} 60. Qxd2 {[%emt 0:00:54]} Qxc6 {[%emt 0:00:01]} 61. Qxa5 {[%emt 0:00:59]} Qe6+ {[%emt 0:00:02]} 62. Kg3 {[%emt 0:00:52]} Qd6+ {[%emt 0:00:39]} 63. Nf4 {[%emt 0:00:13]} Kf8 {[%emt 0:01:20]} 64. Qc5 {[%emt 0:00:07]} 1-0

[Event "25th Zadar Open 2018"]
[Site "Zadar"]
[Date "2018.12.16"]
[Round "3.23"]
[White "Sinanovic, Muhamed"]
[Black "Parnali, S Dharia"]
[Result "1-0"]
[WhiteElo "2325"]
[BlackElo "2118"]
[Annotator "TA"]
[PlyCount "211"]
[EventDate "2018.12.15"]
[EventType "swiss"]
[EventCountry "CRO"]
[SourceTitle "playchess.com"]
[Source "ChessBase"]
[SourceQuality "1"]

{[%evp 15,211,0,2,-53,-48,-76,-62,-67,-67,-69,-64,-81,39,39,45,35,44,45,47,45,45,51,44,40,52,43,50,44,43,30,30,30,30,30,30,30,30,0,50,36,60,22,39,0,0,0,30,30,38,30,47,0,0,0,0,0,0,0,0,0,0,0,0,0,0,0,0,0,0,0,0,0,0,0,0,0,0,0,0,0,5,5,11,7,7,0,0,0,22,37,50,27,20,22,22,22,22,22,31,39,67,72,93,37,33,26,77,80,87,87,292,279,279,272,258,203,209,205,318,340,335,314,769,849,1095,666,1175,0,4572,196,1423,606,117,2806,5523,8,8,8,8,8,8,8,8,0,8,0,0,0,0,0,0,0,0,0,0,0,0,0,0,0,0,0,0,0,0,0,0,0,0,0,29973,0,0,0,0,0,29989,0,29985,0,29989,0,29981,0,29985,29978,29978,29976,29976,29977,29977,29978,29977,29978,29978,29979,29979,29979]} 1. c4 e6 2. g3 d5 3. Bg2 Nf6 4. Nf3 c5 5. O-O Nc6 6. d3 Be7 7. Nc3 d4 {A30: Symmetrical English: Double Fianchetto and Hedgehog} 8. Na4 O-O {LiveBook: 15 Games} 9. e4 (9. e3 $11) 9... e5 {Black is slightly better.} 10. h3 $146 ({Predecessor:} 10. Ne1 a6 11. b3 b5 12. Nb2 Bg4 13. Qd2 Bd7 14. Qe2 Bg4 15. Qd2 Qd7 {½-½ (33) Berkes,F (2648)-Iovcov,V (2421) Reykjavik 2015}) 10... a6 {White must now prevent ...b5.} 11. b3 b5 12. Nb2 Be6 13. Ng5 Nd7 (13... Bd7 $17) 14. Nxe6 $14 fxe6 15. Bd2 b4 16. h4 Bf6 17. Qg4 Qe7 18. Bh3 Rae8 19. Na4 Qf7 20. Kh2 Kh8 21. Rae1 Qe7 22. Kg2 Rg8 23. Rh1 g5 24. hxg5 Bxg5 25. Bxg5 Rxg5 26. Qh4 {Hoping for Bxe6!} Rg6 27. Bg4 Reg8 28. Bh5 Rg5 29. Rh3 Nf6 30. Be2 Nb8 31. Reh1 Nbd7 32. Kf1 Qg7 33. Qh6 Qxh6 34. Rxh6 Kg7 35. R6h4 Kf7 36. R1h3 Ke7 37. Rh6 a5 38. Bf3 R8g7 39. Ke2 Rf7 40. R6h4 Kd6 41. Bh5 Rfg7 42. Rh1 Ke7 43. Bf3 Kd6 44. Bg2 Ke7 45. Bh3 Ng8 46. Ra1 Ngf6 47. a3 Rg8 48. axb4 cxb4 49. Bg2 Rc8 50. Rhh1 Rgg8 51. Ra2 (51. Bf3 {looks sharper.} Kd6 52. Rhc1 Rc6 53. c5+ Kc7 54. Nb2) 51... Nc5 52. Nxc5 Rxc5 53. Rha1 Ra8 54. Ra4 Nd7 55. Rxb4 axb4 56. Rxa8 $11 {[%mdl 4096] Endgame Threatens to win with Ra4. KRB-KRN} Rc7 $1 57. f4 exf4 58. gxf4 Nc5 59. e5 (59. Rh8 $16) 59... Nxb3 $14 60. Rb8 Ra7 (60... Nc1+ $11 61. Kd2 Nb3+ 62. Kc2 Nc5) 61. Rxb4 $16 Ra2+ 62. Kf3 Nd2+ $2 (62... Nc5 $16) 63. Kg4 Nxc4 64. Be4 ({Weaker is} 64. dxc4 Rxg2+ 65. Kf3 Rc2 $16) 64... Ne3+ 65. Kf3 h5 66. Rxd4 Nf1 (66... Nd1 $142 67. Bc6 Rb2) 67. Rb4 $18 Nd2+ 68. Kg3 $1 Nxe4+ $2 (68... Ra1 69. Kh4 Nxe4 70. dxe4 Re1 71. Kxh5 Re3) 69. dxe4 {KR-KR} Re2 70. Kh4 Re1 71. Kxh5 $2 (71. Rb7+ $1 $18 Ke8 72. Rb4 (72. Kxh5 Kd8 $18)) 71... Re2 $2 {[%mdl 8192]} (71... Rh1+ $11 72. Kg4 Rg1+ 73. Kf3 Rf1+ 74. Kg4 Rg1+ 75. Kh4 Rh1+ 76. Kg3 Rf1 77. Rb7+ Ke8) 72. Kg4 $2 (72. Rb7+ Kd8 73. Rb4) 72... Re3 $2 (72... Re1 73. Kg3 Rf1 74. Rb7+ Ke8) 73. Rb7+ (73. Kg5 $142 Rg3+ 74. Kh4) 73... Kf8 74. Kg5 $2 {[%mdl 8192]} (74. Kh4 $16) 74... Rxe4 75. Kf6 $2 (75. Ra7 $18 {White wants to play Rh7.} Ke8 76. Kf6 Rxf4+ 77. Kxe6) 75... Rxf4+ $11 76. Kxe6 Ra4 77. Rb8+ (77. Rb1 {is interesting.} Ra6+ 78. Kf5 Kf7 79. Rh1 Ke8 80. Rh8+) 77... Kg7 78. Rd8 Ra1 79. Ke7 Ra5 80. e6 {Strongly threatening Ke8.} Ra7+ 81. Rd7 Ra8 82. Rc7 Ra6 83. Kd7 {White wants to mate with e7.} (83. Rc1 $5 {[%cal Rc1g1]} Ra7+ 84. Kd6 $11) 83... Ra8 $1 84. Ke7 Ra6 85. Rc8 Ra7+ 86. Kd6 Ra6+ 87. Kd7 {Intending e7 and mate.} Ra7+ 88. Rc7 Ra8 89. Rc8 Ra7+ 90. Kd6 Ra6+ 91. Rc6 Ra8 92. Rc7+ Kg8 $2 {[%mdl 8192]} (92... Kf8 $11) 93. Rf7 $2 (93. Ke5 $1 Ra1 94. Rc8+ Kg7 95. e7 Re1+ 96. Kd6 Rd1+ 97. Kc6 Rc1+ 98. Kb7 Rb1+ 99. Kc7 Rc1+ 100. Kb7 Rb1+ 101. Ka7 Ra1+ 102. Kb8 Rb1+ 103. Ka7 Ra1+ 104. Kb6 Rb1+ 105. Kc6 Rc1+ 106. Kb7) 93... Ra6+ $1 94. Ke5 {aiming for Kf6.} Ra1 95. Rf4 {Threatening mate with e7.} Ra2 $2 {[%mdl 8192]} (95... Ra7 $11) 96. Kd6 $2 (96. e7 $1 Re2+ 97. Kf6 Re3 98. Rf5 Re2 99. Rg5+ Kh7 100. Re5 Rf2+ 101. Ke6) 96... Ra7 $2 {[%mdl 8192]} (96... Ra6+ $11 97. Ke5 Ra7) 97. Ke5 $2 (97. e7 Ra8 98. Ke6 Kg7 99. Rg4+ Kh6 100. Kf7 Kh5 101. Rg1 Ra7 102. Kf8) 97... Ra1 $2 {[%mdl 8192] [#]} (97... Ra2 $11) 98. Rf3 $2 (98. e7 $1 Re1+ 99. Kf6 Kh7 100. Rf5 Kg8 101. Rg5+ Kh7 102. Rh5+ Kg8 103. Rg5+ Kh7 104. Rh5+ Kg8 105. Rg5+) 98... Ra2 $2 {[%mdl 8192] [#]} (98... Kg7 $11) 99. Kd6 $2 (99. e7 $1 {mates} Re2+ 100. Kf6 Kh7 101. Rf5 Kh6 102. Re5 Rxe5 103. Kxe5 Kh5 104. e8=Q+ Kg4 105. Ke4) 99... Ra7 $2 {[%mdl 8192]} (99... Ra6+ $11 100. Kd5 Ra7) 100. Rc3 {White mates.} Ra8 101. Kd7 Ra7+ 102. Rc7 Ra1 103. Rc8+ Kg7 104. e7 Rd1+ 105. Kc7 Rc1+ 106. Kb7 {Accuracy: White = 48%, Black = 51%.} 1-0

[Event "25th Zadar Open 2018"]
[Site "Zadar"]
[Date "2018.12.16"]
[Round "3.24"]
[White "Spalir, Jernej"]
[Black "Trippold, Denise"]
[Result "1-0"]
[WhiteElo "2336"]
[BlackElo "2211"]
[Annotator "NA"]
[PlyCount "83"]
[EventDate "2018.12.15"]
[EventType "swiss"]
[EventCountry "CRO"]
[SourceTitle "playchess.com"]
[Source "ChessBase"]
[SourceQuality "1"]
[TimeControl "40/5400+30:1800+30"]

1. d4 {[%emt 0:00:30]} Nf6 {[%emt 0:00:30]} 2. c4 {[%emt 0:00:30]} e6 {[%emt 0:00:00]} 3. Nf3 {[%emt 0:00:30]} b6 {[%emt 0:00:00]} 4. a3 {[%emt 0:00:00]} Ba6 {[%emt 0:00:30]} 5. Qb3 {[%emt 0:00:00]} Bb7 {[%emt 0:04:30]} 6. Nc3 {[%emt 0:01:30]} d5 {[%emt 0:00:30]} 7. Bg5 {[%emt 0:04:30]} Be7 {[%emt 0:02:30]} 8. e3 {[%emt 0:02:30]} Nbd7 {[%emt 0:04:30]} 9. cxd5 {[%emt 0:04:30]} exd5 {[%emt 0:05:30]} 10. Be2 {[%emt 0:01:30]} O-O {[%emt 0:01:30]} 11. O-O {[%emt 0:00:30]} Re8 {[%emt 0:04:30]} 12. Rac1 {[%emt 0:05:30]} c6 {[%emt 0:08:30]} 13. Na2 {[%emt 0:08:30]} Ne4 {[%emt 0:13:30]} 14. Bxe7 {[%emt 0:02:30]} Qxe7 {[%emt 0:00:30]} 15. Nb4 {[%emt 0:00:30]} Rec8 {[%emt 0:11:30]} 16. Ba6 {[%emt 0:04:30]} Ndf6 {[%emt 0:02:30]} 17. Bxb7 {[%emt 0:09:30]} Qxb7 {[%emt 0:02:30]} 18. Nd3 {[%emt 0:00:30]} Ne8 {[%emt 0:08:30]} 19. Rc2 {[%emt 0:02:30]} N8d6 {[%emt 0:01:30]} 20. Rfc1 {[%emt 0:02:30]} Nc4 {[%emt 0:13:41]} 21. Qa2 {[%emt 0:04:30]} Rab8 {[%emt 0:03:51]} 22. b3 {[%emt 0:06:30]} Ncd6 {[%emt 0:03:15]} 23. Nfe5 {[%emt 0:00:30]} c5 {[%emt 0:02:30]} 24. f3 {[%emt 0:01:30]} c4 {[%emt 0:03:02]} 25. bxc4 {[%emt 0:00:30]} dxc4 {[%emt 0:00:07]} 26. Nxc4 {[%emt 0:03:30]} Nxc4 {[%emt 0:00:02]} 27. Rxc4 {[%emt 0:00:30]} Rxc4 {[%emt 0:02:19]} 28. Qxc4 {[%emt 0:00:30]} Nd6 {[%emt 0:00:15]} 29. Qb4 {[%emt 0:02:30]} Rd8 {[%emt 0:00:52]} 30. e4 {[%emt 0:01:30]} g6 {[%emt 0:00:17]} 31. d5 {[%emt 0:00:00]} Qa6 {[%emt 0:01:06]} 32. Ne5 {[%emt 0:00:00]} Qe2 {[%emt 0:00:29]} 33. Qe1 {[%emt 0:04:30]} Qb2 {[%emt 0:00:14]} 34. Qc3 {[%emt 0:00:30]} Qa2 {[%emt 0:00:52]} 35. Ng4 {[%emt 0:04:30]} h5 {[%emt 0:00:28]} 36. Qf6 {[%emt 0:05:39]} Rd7 {[%emt 0:00:29]} 37. Ne5 {[%emt 0:00:24]} Qxa3 {[%emt 0:00:11]} 38. Rc6 {[%emt 0:03:06]} Qa1+ {[%emt 0:00:44]} 39. Kf2 {[%emt 0:00:06]} Qd4+ {[%emt 0:00:39]} 40. Kg3 {[%emt 0:00:00]} h4+ {[%emt 0:00:00]} 41. Kh3 {[%emt 0:01:45]} Ne8 {[%emt 0:06:37]} 42. Rc8 {[%emt 0:00:30]} 1-0

[Event "25th Zadar Open 2018"]
[Site "Zadar"]
[Date "2018.12.16"]
[Round "3.25"]
[White "Sapale Saloni"]
[Black "Biliskov, Vjekoslav"]
[Result "0-1"]
[WhiteElo "2187"]
[BlackElo "2313"]
[Annotator "NA"]
[PlyCount "112"]
[EventDate "2018.12.15"]
[EventType "swiss"]
[EventCountry "CRO"]
[SourceTitle "playchess.com"]
[Source "ChessBase"]
[SourceQuality "1"]
[TimeControl "40/5400+30:1800+30"]

1. e4 {[%emt 0:00:30]} c5 {[%emt 0:00:30]} 2. Nf3 {[%emt 0:00:30]} a6 {[%emt 0:00:30]} 3. c3 {[%emt 0:00:30]} d5 {[%emt 0:00:30]} 4. exd5 {[%emt 0:00:30]} Qxd5 {[%emt 0:00:00]} 5. d4 {[%emt 0:00:30]} Nf6 {[%emt 0:01:00]} 6. Be3 {[%emt 0:01:30]} cxd4 {[%emt 0:00:30]} 7. cxd4 {[%emt 0:00:30]} g6 {[%emt 0:01:30]} 8. Nc3 {[%emt 0:00:30]} Qd6 {[%emt 0:00:30]} 9. Bc4 {[%emt 0:05:30]} Bg7 {[%emt 0:03:30]} 10. Qb3 {[%emt 0:07:30]} O-O {[%emt 0:01:30]} 11. Ne5 {[%emt 0:05:30]} e6 {[%emt 0:00:30]} 12. O-O {[%emt 0:01:30]} Nc6 {[%emt 0:09:30]} 13. Nxc6 {[%emt 0:03:30]} bxc6 {[%emt 0:00:30]} 14. Be2 {[%emt 0:03:30]} Rb8 {[%emt 0:06:30]} 15. Qc2 {[%emt 0:00:30]} Nd5 {[%emt 0:05:30]} 16. a3 {[%emt 0:11:30]} Nxe3 {[%emt 0:07:30]} 17. fxe3 {[%emt 0:00:30]} e5 {[%emt 0:00:30]} 18. Ne4 {[%emt 0:04:30]} Qe7 {[%emt 0:01:30]} 19. Rad1 {[%emt 0:12:30]} exd4 {[%emt 0:13:30]} 20. exd4 {[%emt 0:00:30]} Bf5 {[%emt 0:05:30]} 21. Rxf5 {[%emt 0:11:30]} gxf5 {[%emt 0:00:30]} 22. Ng3 {[%emt 0:00:30]} Rfe8 {[%emt 0:10:30]} 23. Bc4 {[%emt 0:01:30]} Qe3+ {[%emt 0:02:30]} 24. Kh1 {[%emt 0:00:30]} f4 {[%emt 0:02:30]} 25. Nf1 {[%emt 0:03:30]} Qe7 {[%emt 0:02:30]} 26. h3 {[%emt 0:06:58]} Red8 {[%emt 0:05:19]} 27. b3 {[%emt 0:06:29]} Rxd4 {[%emt 0:01:09]} 28. Rxd4 {[%emt 0:01:15]} Bxd4 {[%emt 0:00:07]} 29. Qf5 {[%emt 0:00:06]} Qf6 {[%emt 0:01:37]} 30. Qe4 {[%emt 0:00:44]} Ba7 {[%emt 0:05:38]} 31. Nd2 {[%emt 0:08:31]} Qa1+ {[%emt 0:02:28]} 32. Nf1 {[%emt 0:00:48]} Qd4 {[%emt 0:01:31]} 33. Qxd4 {[%emt 0:01:01]} Bxd4 {[%emt 0:00:07]} 34. Nd2 {[%emt 0:00:10]} a5 {[%emt 0:01:56]} 35. a4 {[%emt 0:00:19]} Re8 {[%emt 0:01:16]} 36. Nf3 {[%emt 0:00:18]} Bf2 {[%emt 0:01:20]} 37. Kh2 {[%emt 0:00:46]} Kg7 {[%emt 0:00:56]} 38. Kh1 {[%emt 0:00:46]} Rd8 {[%emt 0:01:04]} 39. Be2 {[%emt 0:00:44]} Kf6 {[%emt 0:01:13]} 40. Kh2 {[%emt 0:00:00]} Re8 {[%emt 0:00:00]} 41. Bc4 {[%emt 0:01:05]} Re3 {[%emt 0:04:19]} 42. h4 {[%emt 0:03:30]} h5 {[%emt 0:01:30]} 43. Nd2 {[%emt 0:04:30]} Re1 {[%emt 0:05:30]} 44. g3 {[%emt 0:01:30]} fxg3+ {[%emt 0:01:30]} 45. Kg2 {[%emt 0:00:30]} Rg1+ {[%emt 0:03:30]} 46. Kf3 {[%emt 0:00:00]} Be1 {[%emt 0:01:30]} 47. Ne4+ {[%emt 0:00:00]} Ke5 {[%emt 0:00:00]} 48. Ng5 {[%emt 0:00:30]} Bf2 {[%emt 0:03:07]} 49. Nxf7+ {[%emt 0:02:30]} Kd4 {[%emt 0:00:45]} 50. Nd6 {[%emt 0:01:30]} Ke5 {[%emt 0:03:09]} 51. Nf7+ {[%emt 0:01:30]} Kf6 {[%emt 0:00:15]} 52. Ng5 {[%emt 0:00:00]} Rc1 {[%emt 0:00:44]} 53. Ne4+ {[%emt 0:04:13]} Ke5 {[%emt 0:00:20]} 54. Nd2 {[%emt 0:00:12]} Rc3+ {[%emt 0:00:51]} 55. Kg2 {[%emt 0:00:07]} Kf4 {[%emt 0:00:51]} 56. Bf1 {[%emt 0:03:06]} Rc2 {[%emt 0:00:39]} 0-1

[Event "25th Zadar Open 2018"]
[Site "Zadar"]
[Date "2018.12.16"]
[Round "3.26"]
[White "Krstulovic, Alex"]
[Black "Ermeni, Avni"]
[Result "0-1"]
[WhiteElo "2313"]
[BlackElo "2183"]
[Annotator "NA"]
[PlyCount "86"]
[EventDate "2018.12.15"]
[EventType "swiss"]
[EventCountry "CRO"]
[SourceTitle "playchess.com"]
[Source "ChessBase"]
[SourceQuality "1"]
[TimeControl "40/5400+30:1800+30"]

1. d4 {[%emt 0:00:30]} Nf6 {[%emt 0:00:30]} 2. c4 {[%emt 0:00:30]} c5 {[%emt 0:00:00]} 3. d5 {[%emt 0:00:00]} b5 {[%emt 0:00:00]} 4. cxb5 {[%emt 0:00:00]} a6 {[%emt 0:00:00]} 5. bxa6 {[%emt 0:00:30]} g6 {[%emt 0:00:00]} 6. Nc3 {[%emt 0:00:30]} d6 {[%emt 0:00:00]} 7. e4 {[%emt 0:00:30]} Bg7 {[%emt 0:00:00]} 8. Nf3 {[%emt 0:00:30]} O-O {[%emt 0:00:30]} 9. a4 {[%emt 0:00:30]} Bxa6 {[%emt 0:00:30]} 10. Bxa6 {[%emt 0:01:30]} Nxa6 {[%emt 0:00:00]} 11. O-O {[%emt 0:00:30]} Qb6 {[%emt 0:04:00]} 12. Nd2 {[%emt 0:09:30]} Nc7 {[%emt 0:06:30]} 13. Rb1 {[%emt 0:06:30]} Nd7 {[%emt 0:08:30]} 14. Qc2 {[%emt 0:03:30]} Qb4 {[%emt 0:00:30]} 15. Ra1 {[%emt 0:09:30]} Rfb8 {[%emt 0:10:30]} 16. Ra3 {[%emt 0:03:30]} Qa5 {[%emt 0:11:30]} 17. Nc4 {[%emt 0:05:30]} Qa6 {[%emt 0:05:30]} 18. b3 {[%emt 0:06:30]} Ne5 {[%emt 0:00:30]} 19. Nxe5 {[%emt 0:09:30]} Bxe5 {[%emt 0:05:30]} 20. Bd2 {[%emt 0:01:30]} Bxh2+ {[%emt 0:02:30]} 21. Kxh2 {[%emt 0:00:30]} Qxf1 {[%emt 0:00:30]} 22. Be3 {[%emt 0:05:30]} Na6 {[%emt 0:07:30]} 23. Qb2 {[%emt 0:08:30]} Nb4 {[%emt 0:05:30]} 24. Ra1 {[%emt 0:01:30]} Qd3 {[%emt 0:03:30]} 25. Rc1 {[%emt 0:00:30]} Qa6 {[%emt 0:01:30]} 26. Rd1 {[%emt 0:00:30]} Nd3 {[%emt 0:07:30]} 27. Qc2 {[%emt 0:00:30]} Ne5 {[%emt 0:00:30]} 28. Bg5 {[%emt 0:01:30]} f6 {[%emt 0:01:35]} 29. Bf4 {[%emt 0:00:30]} c4 {[%emt 0:00:36]} 30. bxc4 {[%emt 0:00:00]} Qxc4 {[%emt 0:02:22]} 31. Bxe5 {[%emt 0:00:00]} fxe5 {[%emt 0:00:10]} 32. Qd2 {[%emt 0:02:30]} Rc8 {[%emt 0:07:44]} 33. Rc1 {[%emt 0:00:30]} Qd4 {[%emt 0:00:12]} 34. Qe1 {[%emt 0:05:29]} Rc5 {[%emt 0:01:22]} 35. f3 {[%emt 0:02:44]} Rac8 {[%emt 0:01:11]} 36. Qh4 {[%emt 0:00:05]} Qd2 {[%emt 0:03:59]} 37. Qxe7 {[%emt 0:00:25]} Qh6+ {[%emt 0:01:43]} 38. Kg3 {[%emt 0:00:00]} Qf4+ {[%emt 0:00:00]} 39. Kh3 {[%emt 0:00:05]} Qh6+ {[%emt 0:00:08]} 40. Kg3 {[%emt 0:00:00]} Qf4+ {[%emt 0:00:00]} 41. Kh3 {[%emt 0:01:12]} Rxc3 {[%emt 0:02:58]} 42. Rxc3 {[%emt 0:00:30]} Rxc3 {[%emt 0:00:30]} 43. Qxd6 {[%emt 0:00:30]} Rc1 {[%emt 0:04:30]} 0-1

[Event "25th Zadar Open 2018"]
[Site "Zadar"]
[Date "2018.12.16"]
[Round "3.27"]
[White "Chan, Kim Yew"]
[Black "Samani, Yamac"]
[Result "1/2-1/2"]
[WhiteElo "2175"]
[BlackElo "2267"]
[Annotator "NA"]
[PlyCount "62"]
[EventDate "2018.12.15"]
[EventType "swiss"]
[EventCountry "CRO"]
[SourceTitle "playchess.com"]
[Source "ChessBase"]
[SourceQuality "1"]
[TimeControl "40/5400+30:1800+30"]

1. Nf3 {[%emt 0:00:30]} Nf6 {[%emt 0:00:30]} 2. c4 {[%emt 0:00:00]} g6 {[%emt 0:00:30]} 3. b3 {[%emt 0:00:00]} Bg7 {[%emt 0:00:00]} 4. Bb2 {[%emt 0:00:00]} O-O {[%emt 0:00:00]} 5. g3 {[%emt 0:00:00]} d6 {[%emt 0:00:30]} 6. d4 {[%emt 0:00:30]} e5 {[%emt 0:01:30]} 7. dxe5 {[%emt 0:00:30]} dxe5 {[%emt 0:00:30]} 8. Qxd8 {[%emt 0:00:30]} Rxd8 {[%emt 0:00:00]} 9. Nxe5 {[%emt 0:01:30]} Na6 {[%emt 0:01:00]} 10. Nd3 {[%emt 0:00:00]} Bf5 {[%emt 0:01:30]} 11. Nc3 {[%emt 0:01:00]} Bxd3 {[%emt 0:01:30]} 12. exd3 {[%emt 0:00:30]} Nb4 {[%emt 0:04:30]} 13. O-O-O {[%emt 0:00:30]} Ng4 {[%emt 0:00:30]} 14. Rd2 {[%emt 0:00:30]} Ne5 {[%emt 0:10:30]} 15. Kb1 {[%emt 0:01:30]} Nexd3 {[%emt 0:04:30]} 16. Bxd3 {[%emt 0:00:30]} Rxd3 {[%emt 0:00:30]} 17. Rhd1 {[%emt 0:00:00]} Rad8 {[%emt 0:11:30]} 18. Nd5 {[%emt 0:00:00]} Rxd2 {[%emt 0:01:30]} 19. Rxd2 {[%emt 0:00:00]} Nxd5 {[%emt 0:04:30]} 20. Rxd5 {[%emt 0:00:00]} Rxd5 {[%emt 0:05:30]} 21. cxd5 {[%emt 0:00:30]} Kf8 {[%emt 0:02:30]} 22. Kc2 {[%emt 0:05:30]} Bxb2 {[%emt 0:00:30]} 23. Kxb2 {[%emt 0:00:00]} Ke7 {[%emt 0:00:30]} 24. Kc3 {[%emt 0:00:00]} Kd6 {[%emt 0:11:30]} 25. Kd4 {[%emt 0:00:30]} f6 {[%emt 0:02:30]} 26. b4 {[%emt 0:04:30]} c6 {[%emt 0:02:30]} 27. dxc6 {[%emt 0:01:30]} Kxc6 {[%emt 0:00:30]} 28. Kc4 {[%emt 0:00:30]} Kd6 {[%emt 0:00:00]} 29. Kd4 {[%emt 0:00:30]} Kc6 {[%emt 0:00:00]} 30. Kc4 {[%emt 0:00:00]} Kd6 {[%emt 0:00:00]} 31. Kd4 {[%emt 0:00:00]} Kc6 {[%emt 0:00:00]} 1/2-1/2